000 00509nam a2200145Ia 4500
008 151213s9999 xx 000 0 und d
100 _aঝিনুক জোবাইদা।
245 _aসস্তব্ধ নীরের গভীরতা
_cঝিনুক জোবাইদা।
260 _aঢাকা
_bকবিতা ক্লাব।
_c2001
300 _a8817 p.
650 _aBangla
650 _aকবিতা।
700 _aঝিনুক জোবাইদা।
999 _c4602
_d4602